Monichrome and colour television (Record no. 292471)

MARC details
000 -LEADER
fixed length control field 00268pam a2200109a 44500
008 - FIXED-LENGTH DATA ELEMENTS--GENERAL INFORMATION
fixed length control field 230405s1991 xxu||||| |||| 00| 0 eng d
041 ## - LANGUAGE CODE
Language code of text/sound track or separate title ENG
100 ## - MAIN ENTRY--PERSONAL NAME
Personal name Gulati R.R
245 ## - TITLE STATEMENT
Title Monichrome and colour television
260 ## - PUBLICATION, DISTRIBUTION, ETC.
Place of publication, distribution, etc.
Name of publisher, distributor, etc. Wiley Estern Ltd
Date of publication, distribution, etc. 1991
906 ## - LOCAL DATA ELEMENT F, LDF (RLIN)
a 1128
Holdings
Withdrawn status Lost status Damaged status Not for loan Collection Home library Current library Date acquired Source of acquisition Cost, normal purchase price Total Checkouts Full call number Barcode Date last seen Price effective from Koha item type
          Matoshri Bayabai Shripatrao Kadam Kanya Mahavidyalaya, Kadegaon, Sangli Matoshri Bayabai Shripatrao Kadam Kanya Mahavidyalaya, Kadegaon, Sangli 04/06/2011 Wiley Estern Ltd 115.00   537.2 KVK-S02225 18/04/2023 18/04/2023 Book